000 00548cam a22002291 4500
001 sa 65007640
003 DLC
005 20260227112150.0
008 890227s1962 xx 000 0 urd
010 _asa 65007640
035 _a(OCoLC)23540553
040 _aDLC
_cMiU
_dDLC
042 _apremarc
050 0 0 _aPK2200.M328
_bT8
100 1 _aMalik, Abdullah,
_d1920-2003.
245 1 0 _aTulūʻ-i fardā.
260 _c[1962]
300 _a200 p.
_c22 cm.
500 _aIn Urdu.
500 _aText partially vocalized.
500 _aPoems.
999 _c65264
_d65264